Energetika potrebuje mladých odborníkov

Rozhovor o pracovných príležitostiach na energetickom trhu s Luciou Bohunickou, manažérkou prípravy a rozvoja ľudských zdrojov spoločnosti ENEL Slovenské elektrárne.

Enregistré dans:
Détails bibliographiques
Auteur principal: Bohunická, Lucia
Format: Chapitre de livre
Langue:slovaque
Tags: Ajouter un tag
Pas de tags, Soyez le premier à ajouter un tag!

MARC

LEADER 00000naa a2200000 4500
001 0121638
005 20240502072359.1
041 0 |a slo 
044 |a SK 
245 1 0 |a Energetika potrebuje mladých odborníkov  |c Lucia Bohunická 
520 |a Rozhovor o pracovných príležitostiach na energetickom trhu s Luciou Bohunickou, manažérkou prípravy a rozvoja ľudských zdrojov spoločnosti ENEL Slovenské elektrárne. 
100 1 |a Bohunická, Lucia